Demon Slayer en images - Statistiques

Statistiques générales
  • Ce quiz a été pris 1 314 fois
  • Le résultat moyen est 11 sur 16
Statistiques - réponses
Par images Réponse % Correct
Nezuko Kamado
99%
Tanjiro Kamado
95%
Zenitsu Agatsuma
92%
Giyu Tomioka
91%
Mitsuri Kanroji
81%
Doma
77%
Obanai Iguro
77%
Kanao Tsuyuri
75%
Gyomei Himejima
72%
Dame Tamayo
71%
Genya Shinazugawa
70%
Gyutaro
58%
Enmu
53%
Haganezuka
47%
Yushiro
31%
Susamaru
22%
Aucun quiz correspondant
Distribution des résultats
% des personnes avec chaque résultat
Percentile par nombre de réponses
Votre historique - résultats
Vous n’avez pas pris ce quiz